[Event "Dortmund Sparkassen op-B"]
[Site "Dortmund"]
[Date "2008.07.04"]
[Round "7"]
[White "Lange, Hans Werner"]
[Black "Rutmann, Ulrich"]
[Result "1/2-1/2"]
[WhiteElo "1548"]
[BlackElo "1403"]
[PlyCount "83"]
[EventDate "2008.06.30"]
[EventType "swiss"]
[EventRounds "9"]
[EventCountry "GER"]
[SourceTitle "EXT 2022"]
[Source "ChessBase"]
[SourceDate "2021.10.06"]
[SourceVersion "1"]
[SourceVersionDate "2021.10.06"]
[SourceQuality "1"]

1. d4 Nf6 2. Nf3 d6 3. h3 g6 4. Bf4 Bg7 5. e3 0-0 6. Be2 c6 7. 0-0 Nbd7 8. Nbd2 Nb6 9. c4 Bf5 10. Qb3 Qc8 11. Kh2 Re8 12. Bd3 Be6 13. e4 Nh5 14. Be3 Qc7 15. d5 Bd7 16. Rac1 e6 17. Be2 c5 18. Ng5 Nf6 19. Qd1 exd5 20. exd5 Bf5 21. Bf4 Ne4 22. Ngxe4 Bxe4 23. b4 Be5 24. Bxe5 Rxe5 25. f4 Re7 26. bxc5 dxc5 27. Rf2 Qd6 28. Kg1 Bf5 29. Qf1 Rae8 30. Bg4 Qf6 31. Kh2 Bxg4 32. hxg4 Qh4+ 33. Kg1 Qxg4 34. f5 gxf5 35. Rxf5 Qd4+ 36. Rf2 Re2 37. Nf3 Qe3 38. Rc3 Qxc3 39. Rxe2 Rxe2 40. Qxe2 Nxc4 41. Qe8+ Kg7 42. Qd7 1/2-1/2

[Event "Dortmund Sparkassen op-B"]
[Site "Dortmund"]
[Date "2008.06.30"]
[Round "1"]
[White "Stukemeier, Ralf"]
[Black "Rutmann, Ulrich"]
[Result "1-0"]
[WhiteElo "1738"]
[BlackElo "1403"]
[PlyCount "75"]
[EventDate "2008.06.30"]
[EventType "swiss"]
[EventRounds "9"]
[EventCountry "GER"]
[SourceTitle "EXT 2022"]
[Source "ChessBase"]
[SourceDate "2021.10.06"]
[SourceVersion "1"]
[SourceVersionDate "2021.10.06"]
[SourceQuality "1"]

1. e4 d5 2. exd5 Qxd5 3. Nf3 Nf6 4. d4 Bg4 5. Be2 e6 6. 0-0 h6 7. c4 Qd8 8. Nc3 c6 9. Be3 Nbd7 10. Qc2 Nb6 11. b3 Be7 12. Rfd1 0-0 13. Ne5 Bxe2 14. Qxe2 Qc7 15. Bf4 Qd8 16. Rd3 Nfd7 17. Rg3 Bh4 18. Rh3 Bg5 19. Bxg5 Qxg5 20. Ne4 Qe7 21. Ng3 Nf6 22. Ne4 Rad8 23. Rd3 Nxe4 24. Qxe4 Nd7 25. Nf3 Nf6 26. Qe2 Nd7 27. Rad1 Qf6 28. Qe3 Rfe8 29. h3 Qe7 30. d5 Nc5 31. d6 Qf6 32. Qxc5 e5 33. d7 Re6 34. Rd6 e4 35. Rxe6 fxe6 36. Ne5 b6 37. Qd4 Rf8 38. d8Q 1-0

[Event "Dortmund1"]
[Site "Dortmund"]
[Date "2006.05.05"]
[Round "4"]
[White "Rutmann, Ulrich"]
[Black "Gennat, Egon Leopold"]
[Result "0-1"]
[WhiteElo "1393"]
[BlackElo "1380"]
[PlyCount "62"]
[EventDate "2006.10.15"]
[EventType "swiss"]
[EventRounds "9"]
[EventCountry "GER"]
[SourceTitle "EXT 2007"]
[Source "ChessBase"]
[SourceDate "2006.11.23"]
[SourceVersion "1"]
[SourceVersionDate "2006.11.23"]
[SourceQuality "1"]

1. e4 d5 2. exd5 Qxd5 3. Nc3 Qa5 4. d4 c6 5. Nf3 Bf5 6. Bd3 Bg4 7. 0-0 e6 8. Be2 Nf6 9. Bd2 Bb4 10. a3 Bxc3 11. Bxc3 Qc7 12. Ne5 Bf5 13. Bf3 Nbd7 14. Nc4 Rd8 15. Bb4 c5 16. dxc5 Nxc5 17. Qe2 0-0 18. b3 b6 19. Rac1 Rfe8 20. Bc3 Nfe4 21. Ba1 b5 22. Ne3 a6 23. Nxf5 exf5 24. Rfe1 Re6 25. Bxe4 Nxe4 26. Qh5 Rh6 27. Qxf5 Qxh2+ 28. Kf1 Nd2+ 29. Ke2 Re6+ 30. Qxe6 fxe6 31. Rcd1 Qe5+ 0-1

[Event "Dortmund op"]
[Site "Dortmund"]
[Date "2006.03.13"]
[Round "4.16"]
[White "Grube, Joerg"]
[Black "Rutmann, Ulrich"]
[Result "1-0"]
[WhiteElo "1776"]
[BlackElo "1393"]
[PlyCount "43"]
[EventDate "2006.03.06"]
[EventType "swiss"]
[EventRounds "9"]
[EventCountry "GER"]
[SourceTitle "CBM 111 Extra"]
[Source "ChessBase"]
[SourceDate "2006.05.09"]
[SourceVersion "1"]
[SourceVersionDate "2006.05.09"]
[SourceQuality "1"]

1. e4 c5 2. Nf3 g6 3. d4 cxd4 4. Nxd4 Bg7 5. Nc3 d6 6. Be3 Nf6 7. f3 0-0 8. Qd2 Bd7 9. 0-0-0 Nc6 10. g4 Nxd4 11. Bxd4 Be6 12. h4 a5 13. h5 a4 14. hxg6 fxg6 15. a3 Qa5 16. Bb5 Rfc8 17. Qd3 Bf7 18. Nxa4 Bc4 19. Bxc4+ d5 20. Bb5 dxe4 21. Qb3+ Kh8 22. Bb6 1-0

[Event "Dortmund ABC Serie B-24"]
[Site "Dortmund"]
[Date "2005.11.11"]
[Round "7"]
[White "Oehmke, Bernd"]
[Black "Rutmann, Ulrich"]
[Result "1-0"]
[WhiteElo "1424"]
[BlackElo "1340"]
[PlyCount "87"]
[EventDate "2005.10.12"]
[EventType "tourn"]
[EventRounds "13"]
[EventCountry "GER"]
[SourceTitle "EXT 2007"]
[Source "ChessBase"]
[SourceDate "2006.11.23"]
[SourceVersion "1"]
[SourceVersionDate "2006.11.23"]
[SourceQuality "1"]

1. e4 d6 2. Nf3 g6 3. Be2 Bg7 4. 0-0 Nc6 5. Re1 Nf6 6. d3 0-0 7. c3 Be6 8. Be3 Ng4 9. Nd4 Nxe3 10. Nxe6 Qd7 11. Nxf8 Rxf8 12. fxe3 e6 13. d4 Qe7 14. Bd3 Qh4 15. Nd2 Qg5 16. Nf3 Qf6 17. Rf1 Qe7 18. Qe2 Bh6 19. Rae1 e5 20. d5 Nd8 21. b4 c6 22. c4 cxd5 23. cxd5 Kh8 24. a3 Rg8 25. Qf2 f5 26. Qh4 Qg7 27. Ng5 Bxg5 28. Qxg5 Nf7 29. Qe7 f4 30. exf4 exf4 31. Kh1 g5 32. Qxb7 h5 33. Qxa7 Qf6 34. Rd1 Ne5 35. Qd4 g4 36. Rf2 h4 37. Rdf1 h3 38. Rxf4 hxg2+ 39. Kxg2 Qh4 40. Qe3 Nf3 41. R4xf3 gxf3+ 42. Kxf3 Qg4+ 43. Kf2 Rf8+ 44. Ke1 1-0

[Event "Dortmund ABC Serie B-24"]
[Site "Dortmund"]
[Date "2005.10.29"]
[Round "5"]
[White "Herrmann, Rudolf"]
[Black "Rutmann, Ulrich"]
[Result "0-1"]
[WhiteElo "1404"]
[BlackElo "1340"]
[PlyCount "70"]
[EventDate "2005.10.12"]
[EventType "tourn"]
[EventRounds "13"]
[EventCountry "GER"]
[SourceTitle "EXT 2007"]
[Source "ChessBase"]
[SourceDate "2006.11.23"]
[SourceVersion "1"]
[SourceVersionDate "2006.11.23"]
[SourceQuality "1"]

1. d4 d5 2. c4 e6 3. a3 Nf6 4. Nc3 Be7 5. e3 0-0 6. Bd2 Nc6 7. cxd5 exd5 8. Bd3 Re8 9. Nge2 Bd6 10. f4 Bg4 11. h3 Bxe2 12. Bxe2 Ne4 13. Nxe4 dxe4 14. 0-0 Ne7 15. f5 Nd5 16. Bc4 Nf6 17. Qb3 Qd7 18. Be1 Rf8 19. Bh4 Be7 20. Be2 Rab8 21. Rac1 c6 22. Qc2 Nd5 23. Qxe4 Bxh4 24. Qxh4 Nxe3 25. Rf2 Nxf5 26. Qh5 Nxd4 27. Bd3 g6 28. Qg4 Qxg4 29. hxg4 Ne6 30. Rcf1 Rbd8 31. Bc4 Ng5 32. Kh2 Rd4 33. Be2 Kg7 34. b3 Rd2 35. Kg1 Ne4 0-1

[Event "Dortmund op-B"]
[Site "Dortmund"]
[Date "2005.07.16"]
[Round "8"]
[White "Rutmann, Ulrich"]
[Black "Wilms, Christoph"]
[Result "1/2-1/2"]
[WhiteElo "1393"]
[BlackElo "1534"]
[PlyCount "36"]
[EventDate "2005.07.08"]
[EventType "swiss"]
[EventRounds "9"]
[EventCountry "GER"]
[SourceTitle "CBM 107 Extra"]
[Source "ChessBase"]
[SourceDate "2005.09.01"]
[SourceVersion "1"]
[SourceVersionDate "2005.09.01"]
[SourceQuality "1"]

1. e4 c5 2. Nc3 d6 3. g3 Nf6 4. Bg2 e6 5. Nge2 Be7 6. 0-0 0-0 7. d3 d5 8. e5 Nfd7 9. f4 f5 10. d4 Nc6 11. Be3 Nb6 12. b3 cxd4 13. Nxd4 a6 14. a3 Bd7 15. Bf2 Rc8 16. Nce2 Qc7 17. c3 Na8 18. a4 Nb6 1/2-1/2

[Event "Dortmund op-B"]
[Site "Dortmund"]
[Date "2005.07.15"]
[Round "7"]
[White "Granz, Thomas"]
[Black "Rutmann, Ulrich"]
[Result "1-0"]
[WhiteElo "1566"]
[BlackElo "1393"]
[PlyCount "77"]
[EventDate "2005.07.08"]
[EventType "swiss"]
[EventRounds "9"]
[EventCountry "GER"]
[SourceTitle "CBM 107 Extra"]
[Source "ChessBase"]
[SourceDate "2005.09.01"]
[SourceVersion "1"]
[SourceVersionDate "2005.09.01"]
[SourceQuality "1"]

1. e4 d6 2. Nf3 g6 3. d4 Bg7 4. Be3 Nf6 5. Nbd2 0-0 6. Bc4 Nbd7 7. 0-0 Nb6 8. Bb3 Bg4 9. c3 Qc8 10. Qc2 Bxf3 11. Nxf3 Qg4 12. e5 Nfd5 13. h3 Qd7 14. Rfe1 e6 15. Rad1 a5 16. a3 Kh8 17. Bc1 Qe7 18. c4 Nf6 19. exf6 Bxf6 20. Re2 Rg8 21. Ba2 g5 22. Bb1 Rg7 23. h4 gxh4 24. Bh6 Rg6 25. Bc1 Rag8 26. Ne1 h3 27. Qc3 Rg4 28. Bf5 h2+ 29. Kh1 Rh4 30. Bh3 Bg5 31. Bxg5 Qxg5 32. Nf3 Qf4 33. Nxh4 Qxh4 34. b3 Nd7 35. Qxa5 Nf8 36. Qxc7 Ng6 37. Qxd6 Qg5 38. Kxh2 Nf4 39. Qe5+ 1-0

[Event "Dortmund-ch"]
[Site "Dortmund"]
[Date "2005.03.10"]
[Round "6"]
[White "Rutmann, Ulrich"]
[Black "Hast, Stefan"]
[Result "1-0"]
[WhiteElo "1379"]
[BlackElo "1131"]
[PlyCount "97"]
[EventDate "2005.02.28"]
[EventType "swiss"]
[EventRounds "9"]
[EventCountry "GER"]
[SourceTitle "CBM 105 Extra"]
[Source "ChessBase"]
[SourceDate "2005.05.01"]
[SourceVersion "1"]
[SourceVersionDate "2005.05.01"]
[SourceQuality "1"]

1. e4 d5 2. exd5 Qxd5 3. Nc3 Qa5 4. g3 Nf6 5. Bg2 c6 6. Nf3 Bg4 7. d3 e6 8. a3 Bc5 9. 0-0 Qc7 10. Bg5 Nbd7 11. Qd2 Nd5 12. Nxd5 cxd5 13. Rfe1 0-0 14. Bf4 Qd8 15. Qc3 Rc8 16. Qd2 Bxf3 17. Bxf3 Re8 18. d4 Bxd4 19. Qxd4 Rxc2 20. b3 Qb6 21. Qxb6 Nxb6 22. Rac1 Rec8 23. Rxc2 Rxc2 24. Rc1 Rxc1+ 25. Bxc1 Nd7 26. Be3 b6 27. b4 Ne5 28. Be2 Nc4 29. Bxc4 dxc4 30. b5 Kf8 31. Kf1 Ke7 32. Ke2 Kd6 33. Kd2 Kd5 34. Kc3 e5 35. a4 f5 36. f4 e4 37. h3 h5 38. Bd4 e3 39. Bxe3 Ke4 40. Bxb6 axb6 41. a5 bxa5 42. b6 a4 43. b7 Kf3 44. b8Q Kxg3 45. Kxc4 Kxh3 46. Qe5 Kg4 47. Kb4 h4 48. Qxg7+ Kxf4 49. Kxa4 1-0

[Event "Dortmund-ch"]
[Site "Dortmund"]
[Date "2005.03.07"]
[Round "4"]
[White "Werninghaus, Klaus Peter"]
[Black "Rutmann, Ulrich"]
[Result "1-0"]
[WhiteElo "1533"]
[BlackElo "1379"]
[PlyCount "95"]
[EventDate "2005.02.28"]
[EventType "swiss"]
[EventRounds "9"]
[EventCountry "GER"]
[SourceTitle "CBM 105 Extra"]
[Source "ChessBase"]
[SourceDate "2005.05.01"]
[SourceVersion "1"]
[SourceVersionDate "2005.05.01"]
[SourceQuality "1"]

1. c4 g6 2. Nc3 Bg7 3. g3 d6 4. Bg2 Nf6 5. Nf3 c6 6. 0-0 0-0 7. d3 Bg4 8. Qc2 Nbd7 9. b3 Qa5 10. Bb2 Qh5 11. Nd1 Bh3 12. Ne3 e5 13. Rad1 Bxg2 14. Kxg2 Ng4 15. Nxg4 Qxg4 16. h3 Qf5 17. e4 Qe6 18. d4 Rac8 19. Rfe1 Rfe8 20. Qd2 f6 21. dxe5 Nxe5 22. Nxe5 dxe5 23. Qd7 Qxd7 24. Rxd7 Rb8 25. Red1 Bf8 26. Rc7 Re7 27. Rdd7 Rxd7 28. Rxd7 Bc5 29. f4 Bd4 30. Bxd4 exd4 31. Rxd4 Re8 32. Kf3 Kf7 33. c5 Re7 34. Rd6 h6 35. b4 Re6 36. a3 Ke7 37. Rd3 b6 38. a4 Ke8 39. cxb6 axb6 40. a5 bxa5 41. bxa5 c5 42. Rc3 Rc6 43. Ke3 Kd7 44. Kd3 Kd6 45. Kc4 Kc7 46. e5 Kd7 47. Kd5 fxe5 48. fxe5 1-0

[Event "Dortmund-ch"]
[Site "Dortmund"]
[Date "2005.03.01"]
[Round "2"]
[White "Hillebrand, Carsten"]
[Black "Rutmann, Ulrich"]
[Result "1-0"]
[WhiteElo "1941"]
[BlackElo "1379"]
[PlyCount "49"]
[EventDate "2005.02.28"]
[EventType "swiss"]
[EventRounds "9"]
[EventCountry "GER"]
[SourceTitle "CBM 105 Extra"]
[Source "ChessBase"]
[SourceDate "2005.05.01"]
[SourceVersion "1"]
[SourceVersionDate "2005.05.01"]
[SourceQuality "1"]

1. c4 e5 2. g3 Bc5 3. Bg2 Nf6 4. Nc3 Ng4 5. e3 Nf6 6. Nge2 c6 7. 0-0 0-0 8. d4 exd4 9. exd4 Be7 10. d5 d6 11. dxc6 bxc6 12. Nd4 Bb7 13. Nf5 Nbd7 14. Nxd6 Bxd6 15. Qxd6 Qb6 16. b3 Rab8 17. Na4 Qa6 18. Bb2 Rfd8 19. Qf4 h6 20. Rad1 c5 21. Bxf6 Qxf6 22. Rxd7 Bxg2 23. Qxf6 gxf6 24. Rxd8+ Rxd8 25. Kxg2 1-0

[Event "Dortmund-ch"]
[Site "Dortmund"]
[Date "2005.02.28"]
[Round "1"]
[White "Rutmann, Ulrich"]
[Black "Volmer, Martin"]
[Result "1/2-1/2"]
[WhiteElo "1379"]
[BlackElo "1772"]
[PlyCount "45"]
[EventDate "2005.02.28"]
[EventType "swiss"]
[EventRounds "9"]
[EventCountry "GER"]
[SourceTitle "CBM 105 Extra"]
[Source "ChessBase"]
[SourceDate "2005.05.01"]
[SourceVersion "1"]
[SourceVersionDate "2005.05.01"]
[SourceQuality "1"]

1. e4 e6 2. d4 d5 3. e5 c5 4. c3 Nc6 5. Bb5 Bd7 6. Bxc6 Bxc6 7. Nf3 Qb6 8. 0-0 cxd4 9. cxd4 Ne7 10. b3 Bb5 11. Re1 Nc6 12. a3 Rc8 13. Be3 Be7 14. Nbd2 0-0 15. Nf1 Na5 16. Bg5 Bxg5 17. Nxg5 h6 18. Nf3 Rc3 19. Re3 Rfc8 20. Rb1 Rxe3 21. Nxe3 Qc7 22. a4 Ba6 23. b4 1/2-1/2

[Event "Dortmund ABC Serie A-22"]
[Site "Dortmund"]
[Date "2004.12.03"]
[Round "13"]
[White "Rutmann, Ulrich"]
[Black "Grawe, Herbert"]
[Result "0-1"]
[WhiteElo "1357"]
[BlackElo "1484"]
[PlyCount "72"]
[EventDate "2004.10.06"]
[EventType "tourn"]
[EventRounds "13"]
[EventCountry "GER"]
[SourceTitle "EXT 2006"]
[Source "ChessBase"]
[SourceDate "2005.11.24"]
[SourceVersion "1"]
[SourceVersionDate "2005.11.24"]
[SourceQuality "1"]

1. e4 c5 2. Nc3 a6 3. g3 b5 4. Bg2 b4 5. Nd5 e6 6. Ne3 Nc6 7. Ne2 d6 8. d4 cxd4 9. Nxd4 Bb7 10. 0-0 Qc7 11. Nxc6 Bxc6 12. Bd2 Qb7 13. f3 Be7 14. c3 a5 15. cxb4 axb4 16. Ng4 Nf6 17. Nxf6+ Bxf6 18. Qb3 Bd4+ 19. Kh1 Bc5 20. Rfc1 Ba4 21. Qc4 0-0 22. e5 Rac8 23. exd6 Bxd6 24. Qg4 Bc6 25. Rd1 f5 26. Qh5 g6 27. Qh3 Bxf3 28. Bxf3 Qxf3+ 29. Qg2 Qxg2+ 30. Kxg2 Rc2 31. Kh3 Be7 32. Bh6 Rd8 33. Re1 Kf7 34. b3 g5 35. Bxg5 Bxg5 36. Re5 Bf6 0-1

[Event "Dortmund ABC Serie A-22"]
[Site "Dortmund"]
[Date "2004.11.27"]
[Round "12"]
[White "Dieckmann, Rudolf"]
[Black "Rutmann, Ulrich"]
[Result "1-0"]
[WhiteElo "1496"]
[BlackElo "1357"]
[PlyCount "83"]
[EventDate "2004.10.06"]
[EventType "tourn"]
[EventRounds "13"]
[EventCountry "GER"]
[SourceTitle "EXT 2006"]
[Source "ChessBase"]
[SourceDate "2005.11.24"]
[SourceVersion "1"]
[SourceVersionDate "2005.11.24"]
[SourceQuality "1"]

1. d4 d5 2. c4 e6 3. Nc3 Nf6 4. Nf3 Be7 5. cxd5 exd5 6. a3 0-0 7. e3 Bg4 8. h3 Bxf3 9. Qxf3 c6 10. Bd3 Nbd7 11. 0-0 Nb6 12. Ne2 Qd6 13. Ng3 Rfe8 14. h4 h6 15. Nf5 Qc7 16. b3 Rad8 17. g4 c5 18. g5 hxg5 19. hxg5 Nh7 20. Nxe7+ Qxe7 21. Bxh7+ Kxh7 22. Qh5+ Kg8 23. Kg2 Qe4+ 24. f3 Qc2+ 25. Kg3 Qh7 26. Qxh7+ Kxh7 27. dxc5 Nd7 28. b4 Ne5 29. Ra2 Nc4 30. Rh2+ Kg6 31. Kf2 Ne5 32. Rd1 Nc4 33. Rd4 f6 34. gxf6 gxf6 35. e4 Ne5 36. exd5 Nf7 37. Rg2+ Kf5 38. d6 Rd7 39. Rf4+ Ke6 40. Re4+ Ne5 41. f4 Kd5 42. Re3 1-0

[Event "Dortmund ABC Serie A-22"]
[Site "Dortmund"]
[Date "2004.11.10"]
[Round "8"]
[White "Gegner, Michael"]
[Black "Rutmann, Ulrich"]
[Result "0-1"]
[WhiteElo "1474"]
[BlackElo "1357"]
[PlyCount "34"]
[EventDate "2004.10.06"]
[EventType "tourn"]
[EventRounds "13"]
[EventCountry "GER"]
[SourceTitle "EXT 2006"]
[Source "ChessBase"]
[SourceDate "2005.11.24"]
[SourceVersion "1"]
[SourceVersionDate "2005.11.24"]
[SourceQuality "1"]

1. d4 e6 2. e4 g6 3. f4 Bg7 4. Nf3 Nf6 5. Bd3 0-0 6. e5 Nd5 7. Nbd2 Nc6 8. c3 Nxf4 9. Bf1 Nd5 10. Ne4 d6 11. Bg5 Qd7 12. c4 Nde7 13. Qd2 dxe5 14. Nf6+ Bxf6 15. Bxf6 Nf5 16. g4 Ncxd4 17. gxf5 Nxf3+ 0-1

[Event "Dortmund ABC Serie A-22"]
[Site "Dortmund"]
[Date "2004.10.20"]
[Round "4"]
[White "Rutmann, Ulrich"]
[Black "Skoecz, Horst"]
[Result "1/2-1/2"]
[WhiteElo "1357"]
[BlackElo "1349"]
[PlyCount "120"]
[EventDate "2004.10.06"]
[EventType "tourn"]
[EventRounds "13"]
[EventCountry "GER"]
[SourceTitle "EXT 2006"]
[Source "ChessBase"]
[SourceDate "2005.11.24"]
[SourceVersion "1"]
[SourceVersionDate "2005.11.24"]
[SourceQuality "1"]

1. e4 e5 2. Nf3 Nf6 3. Nxe5 Qe7 4. Nf3 Nxe4 5. Be2 Ng5 6. Nxg5 Qxg5 7. 0-0 d5 8. Re1 Be6 9. d4 Qf6 10. c4 c6 11. cxd5 cxd5 12. Bb5+ Kd8 13. Nc3 Bd6 14. Be3 Qh4 15. g3 Qh3 16. Bf1 Qf5 17. Qb3 b6 18. Nb5 Ke7 19. Rac1 Rc8 20. Nxd6 Kxd6 21. Qb4+ Kd7 22. Rxc8 Kxc8 23. Qe7 Bd7 24. Rc1+ Kb7 25. Bf4 Nc6 26. Qd6 Rc8 27. Bg2 Qe6 28. Bxd5 Qxd6 29. Bxd6 Ka6 30. Bxf7 Nxd4 31. Rxc8 Bxc8 32. Kf1 Bg4 33. Bd5 g6 34. Be5 Nf3 35. Bxf3 Bxf3 36. Ke1 h5 37. Kd2 g5 38. Ke3 g4 39. Kf4 Bd5 40. b3 Kb5 41. Bc3 a5 42. Kg5 Bf7 43. a3 a4 44. bxa4+ Kxa4 45. Bb4 b5 46. Kf4 Bd5 47. Kg5 Bf7 48. Kh4 Kb3 49. h3 Be6 50. hxg4 Bxg4 51. f4 Kc4 52. Kg5 Kd5 53. f5 Ke4 54. f6 Be6 55. Kxh5 Kf5 56. Bc3 Bf7+ 57. Kh4 Kg6 58. g4 Be6 59. g5 Bf5 60. Bd2 Be6 1/2-1/2

[Event "Dortmund ABC Serie A-22"]
[Site "Dortmund"]
[Date "2004.10.15"]
[Round "3"]
[White "Thavarajah, Sutharjan"]
[Black "Rutmann, Ulrich"]
[Result "1/2-1/2"]
[WhiteElo "1332"]
[BlackElo "1357"]
[PlyCount "67"]
[EventDate "2004.10.06"]
[EventType "tourn"]
[EventRounds "13"]
[EventCountry "GER"]
[SourceTitle "EXT 2006"]
[Source "ChessBase"]
[SourceDate "2005.11.24"]
[SourceVersion "1"]
[SourceVersionDate "2005.11.24"]
[SourceQuality "1"]

1. d4 d5 2. Nf3 e6 3. e3 Nf6 4. Bd3 Nc6 5. a3 Bd6 6. 0-0 0-0 7. Qe2 a6 8. Nbd2 e5 9. Nxe5 Nxe5 10. dxe5 Bxe5 11. Nf3 Bd6 12. c3 Bg4 13. Re1 c6 14. h3 Bd7 15. b4 Re8 16. Bb2 Qc7 17. Rad1 h6 18. c4 dxc4 19. Bxc4 Ne4 20. Qd3 Re7 21. Nd2 Bh2+ 22. Kf1 Nxd2+ 23. Rxd2 Be6 24. Bxe6 Rxe6 25. Qd7 Bd6 26. Qxc7 Bxc7 27. Rd7 Rc8 28. Red1 b6 29. Ke2 c5 30. Bc3 cxb4 31. axb4 Rc6 32. R1d3 b5 33. R7d5 Bb6 34. Kd2 1/2-1/2

[Event "Dortmund ABC Serie A-22"]
[Site "Dortmund"]
[Date "2004.10.09"]
[Round "2"]
[White "Rutmann, Ulrich"]
[Black "Clausen, Dirk"]
[Result "1-0"]
[WhiteElo "1357"]
[BlackElo "1293"]
[PlyCount "71"]
[EventDate "2004.10.06"]
[EventType "tourn"]
[EventRounds "13"]
[EventCountry "GER"]
[SourceTitle "EXT 2006"]
[Source "ChessBase"]
[SourceDate "2005.11.24"]
[SourceVersion "1"]
[SourceVersionDate "2005.11.24"]
[SourceQuality "1"]

1. e4 e5 2. Nf3 d6 3. Bc4 Nf6 4. Ng5 d5 5. exd5 Nxd5 6. d3 Be7 7. Qf3 Bxg5 8. Bxd5 0-0 9. Bxg5 Qxg5 10. 0-0 c6 11. Bb3 Nd7 12. Nc3 Nc5 13. Ne4 Qe7 14. Nxc5 Qxc5 15. Rfe1 Bd7 16. Re4 Rae8 17. Rae1 Kh8 18. Qh5 f5 19. d4 Qd6 20. dxe5 Qd2 21. R4e2 Qd4 22. c3 Qd3 23. e6 g6 24. Qh6 Rf6 25. exd7 Rxe2 26. d8Q+ Qxd8 27. Rxe2 Rd6 28. Re1 g5 29. Qh5 Kg7 30. Qf7+ Kh6 31. Re6+ Rxe6 32. Qxe6+ Kh5 33. Qxf5 Qe7 34. h4 h6 35. Bf7+ Kxh4 36. Qh3# 1-0

[Event "Dortmund ABC Serie Anfaenger-21"]
[Site "Dortmund"]
[Date "2004.05.29"]
[Round "9"]
[White "Rutmann, Ulrich"]
[Black "Krueger, Sven"]
[Result "1-0"]
[WhiteElo "1254"]
[BlackElo "1079"]
[PlyCount "115"]
[EventDate "2004.04.21"]
[EventType "tourn"]
[EventRounds "13"]
[EventCountry "GER"]
[SourceTitle "EXT 2006"]
[Source "ChessBase"]
[SourceDate "2005.11.24"]
[SourceVersion "1"]
[SourceVersionDate "2005.11.24"]
[SourceQuality "1"]

1. e4 d6 2. d4 Nf6 3. Nc3 e5 4. dxe5 dxe5 5. Qxd8+ Kxd8 6. Nf3 Bd6 7. Bg5 Re8 8. Nd5 Nbd7 9. Bd3 h6 10. Be3 Nc5 11. Bxc5 Bxc5 12. Nxf6 gxf6 13. Rd1 Rg8 14. Be2+ Ke7 15. 0-0 Bh3 16. g3 Bxf1 17. Kxf1 a6 18. Nh4 Rh8 19. Nf5+ Ke8 20. Bh5 Bd6 21. Nxd6+ cxd6 22. Rxd6 Ke7 23. Rb6 Rab8 24. Ke2 Rhd8 25. Ke3 Rd7 26. Bg4 Rdd8 27. Be2 Rd6 28. Rb3 b5 29. Rb4 Rbd8 30. Bd3 Kf8 31. Kf3 Kg7 32. a4 Rd4 33. Rxd4 Rxd4 34. axb5 axb5 35. Bxb5 Rd2 36. Bd3 Rd1 37. b4 Rb1 38. b5 h5 39. h4 Rb4 40. Ke2 Kf8 41. c4 f5 42. Ke3 fxe4 43. Kxe4 f6 44. Kd5 Ke7 45. Kc6 Kd8 46. Kc5 Ra4 47. Bf5 Kc7 48. b6+ Kb7 49. Kb5 Ra2 50. Be4+ Kb8 51. c5 Rb2+ 52. Kc6 Rxf2 53. Kd6 f5 54. Bd5 e4 55. c6 Rb2 56. c7+ Kc8 57. Be6+ Kb7 58. c8Q+ 1-0

[Event "Dortmund ABC Serie Anfaenger-21"]
[Site "Dortmund"]
[Date "2004.04.28"]
[Round "3"]
[White "Rutmann, Ulrich"]
[Black "Schettke, Markus"]
[Result "1-0"]
[WhiteElo "1254"]
[BlackElo "1096"]
[PlyCount "47"]
[EventDate "2004.04.21"]
[EventType "tourn"]
[EventRounds "13"]
[EventCountry "GER"]
[SourceTitle "EXT 2006"]
[Source "ChessBase"]
[SourceDate "2005.11.24"]
[SourceVersion "1"]
[SourceVersionDate "2005.11.24"]
[SourceQuality "1"]

1. e4 g6 2. d4 Bg7 3. Nf3 d5 4. e5 Nc6 5. Bb5 a6 6. Ba4 b5 7. Bb3 Bg4 8. c3 Bxf3 9. Qxf3 e6 10. 0-0 Na5 11. Bc2 c6 12. b3 Ne7 13. Bg5 Nb7 14. Re1 0-0 15. Qh3 Qc7 16. Nd2 c5 17. Nf3 Rfe8 18. Rac1 Nf5 19. Bf6 cxd4 20. cxd4 Bh6 21. Ng5 Bxg5 22. Bxg5 Qd7 23. Bf6 Nxd4 24. Qh6 1-0

[Event "Dortmund-ch"]
[Site "Dortmund"]
[Date "2004.03.19"]
[Round "9"]
[White "Rutmann, Ulrich"]
[Black "Schaefer, Ulrich"]
[Result "0-1"]
[WhiteElo "1296"]
[BlackElo "1481"]
[PlyCount "46"]
[EventDate "2004.03.01"]
[EventType "swiss"]
[EventRounds "9"]
[EventCountry "GER"]
[SourceTitle "EXT 2006"]
[Source "ChessBase"]
[SourceDate "2005.11.24"]
[SourceVersion "1"]
[SourceVersionDate "2005.11.24"]
[SourceQuality "1"]

1. e4 e5 2. Nf3 Nf6 3. Nxe5 d6 4. Nf3 Nxe4 5. d4 d5 6. h3 Be7 7. Bd3 0-0 8. 0-0 Nc6 9. c3 Bf5 10. Bb5 Bd6 11. Re1 Qd7 12. Bxc6 bxc6 13. Ne5 Bxe5 14. dxe5 Rab8 15. Nd2 Nxd2 16. Qxd2 Rfe8 17. Qd4 Rb7 18. b3 Re6 19. Re3 Rg6 20. Bb2 Bxh3 21. g3 Bf5 22. c4 Rg4 23. Qc3 d4 0-1

[Event "Dortmund-ch"]
[Site "Dortmund"]
[Date "2004.03.11"]
[Round "6"]
[White "Rutmann, Ulrich"]
[Black "Krueger, Sven"]
[Result "1-0"]
[WhiteElo "1296"]
[BlackElo "1098"]
[PlyCount "35"]
[EventDate "2004.03.01"]
[EventType "swiss"]
[EventRounds "9"]
[EventCountry "GER"]
[SourceTitle "EXT 2006"]
[Source "ChessBase"]
[SourceDate "2005.11.24"]
[SourceVersion "1"]
[SourceVersionDate "2005.11.24"]
[SourceQuality "1"]

1. e4 c5 2. Nc3 Nc6 3. g3 b6 4. Bg2 Bb7 5. Nf3 Qc7 6. d3 d6 7. Bf4 e5 8. Be3 Nf6 9. Qd2 Ng4 10. Nd5 Qb8 11. Bh3 Bc8 12. Bg2 Bd7 13. a3 Qc8 14. 0-0 Ne7 15. Nc3 Nxe3 16. Qxe3 Bh3 17. Nb5 Bxg2 18. Nxd6+ 1-0